LEADER 00920nam0-22003011i-450- 001 990000033460403321 035 $a000003346 035 $aFED01000003346 035 $a(Aleph)000003346FED01 035 $a000003346 100 $a20011111d--------km-y0itay50------ba 101 0 $aita 105 $ay-------001yy 200 1 $aTecnologia antincendi nelle costruzioni$emateriali da costruzione, strutture, edifici e loro comportamento al fuoco$fAntonio Tosi. 210 $aMilano$cA. Vallardi$d1950 215 $a291 p.$cill.$d24 cm 610 0 $aEdifici$aPrevenzione incendi 610 0 $aIncendi$aPrevenzione$aEdifici 676 $a693 700 1$aTosi,$bAntonio$02480 801 0$aIT$bUNINA$gRICA$2UNIMARC 901 $aBK 912 $a990000033460403321 952 $a13 D 52 24$b21786$fFINBC 959 $aFINBC 996 $aTecnologia antincendi nelle costruzioni$9105931 997 $aUNINA DB $aING01 LEADER 01456nam a22002771i 4500 001 991000178359707536 005 20030226130458.0 008 020919s1977 it |||||||||||||||||ita 035 $ab11970340-39ule_inst 035 $aARCHE-006014$9ExL 040 $aDip.to Filologia Ling. e Lett.$bita$cA.t.i. Arché s.c.r.l. Pandora Sicilia s.r.l. 082 04$a792.1609 110 2 $aCentro di studi sul teatro medioevale e rinascimentale$0448692 245 10$aDimensioni drammatiche della liturgia medioevale :$batti del 1. convegno di studio : Viterbo, 31 maggio, 1 - 2 giugno 1976 /$cCentro di studi sul teatro medioevale e rinascimentale 260 $a[Milano] :$bBulzoni,$cstampa 1977 300 $a314 p. ;$c24 cm 500 $aIn testa al front.: Ente provinciale per il turismo, Viterbo. - In calce al front.: Amministrazione provinciale di Viterbo 650 4$aDramma sacro$xMedioevo$xCongressi$xViterbo$y1976 650 4$aLiturgia$xMedioevo$xCongressi$xViterbo$xTeatro$xOrigini 907 $a.b11970340$b02-04-14$c01-04-03 912 $a991000178359707536 945 $aLE008 FL.M. (f.r.) V B 28$g1$i2008000493967$lle008$o-$pE0.00$q-$rl$s- $t0$u0$v0$w0$x0$y.i12249555$z01-04-03 945 $aLE009 STOR.25-7$g1$i2009000151369$lle009$o-$pE0.00$q-$rl$s- $t0$u1$v0$w1$x0$y.i13064010$z26-01-04 996 $aDimensioni drammatiche della liturgia medioevale$9136605 997 $aUNISALENTO 998 $ale008$ale009$b01-04-03$cm$da $e-$fita$git $h0$i1